<?xml version="1.0" encoding="UTF-8"?><?xml-stylesheet type="text/xsl" href="static/style.xsl"?><OAI-PMH xmlns="http://www.openarchives.org/OAI/2.0/" xmlns:xsi="http://www.w3.org/2001/XMLSchema-instance" xsi:schemaLocation="http://www.openarchives.org/OAI/2.0/ http://www.openarchives.org/OAI/2.0/OAI-PMH.xsd"><responseDate>2026-06-30T03:13:55Z</responseDate><request verb="GetRecord" identifier="oai:docta.ucm.es:20.500.14352/103523" metadataPrefix="marc">https://docta.ucm.es/rest/oai/request</request><GetRecord><record><header><identifier>oai:docta.ucm.es:20.500.14352/103523</identifier><datestamp>2025-09-01T17:50:41Z</datestamp><setSpec>com_20.500.14352_14</setSpec><setSpec>col_20.500.14352_15</setSpec></header><metadata><record xmlns="http://www.loc.gov/MARC21/slim" xmlns:dcterms="http://purl.org/dc/terms/" xmlns:xsi="http://www.w3.org/2001/XMLSchema-instance" xmlns:doc="http://www.lyncode.com/xoai" xsi:schemaLocation="http://www.loc.gov/MARC21/slim http://www.loc.gov/standards/marcxml/schema/MARC21slim.xsd">
   <leader>00925njm 22002777a 4500</leader>
   <datafield ind2=" " ind1=" " tag="042">
      <subfield code="a">dc</subfield>
   </datafield>
   <datafield ind2=" " ind1=" " tag="720">
      <subfield code="a">Delgado, Daniela</subfield>
      <subfield code="e">author</subfield>
   </datafield>
   <datafield ind2=" " ind1=" " tag="720">
      <subfield code="a">Moris, Silvana</subfield>
      <subfield code="e">author</subfield>
   </datafield>
   <datafield ind2=" " ind1=" " tag="720">
      <subfield code="a">Valencia Gálvez, Paulina</subfield>
      <subfield code="e">author</subfield>
   </datafield>
   <datafield ind2=" " ind1=" " tag="720">
      <subfield code="a">López García, María Luisa</subfield>
      <subfield code="e">author</subfield>
   </datafield>
   <datafield ind2=" " ind1=" " tag="720">
      <subfield code="a">Álvarez Serrano, Inmaculada</subfield>
      <subfield code="e">author</subfield>
   </datafield>
   <datafield ind2=" " ind1=" " tag="720">
      <subfield code="a">Blake, Graeme R.</subfield>
      <subfield code="e">author</subfield>
   </datafield>
   <datafield ind2=" " ind1=" " tag="720">
      <subfield code="a">Galdámez, Antonio</subfield>
      <subfield code="e">author</subfield>
   </datafield>
   <datafield ind2=" " ind1=" " tag="260">
      <subfield code="c">2023</subfield>
   </datafield>
   <datafield ind2=" " ind1=" " tag="520">
      <subfield code="a">Herein, we report the synthesis, structural and microstructural characterization, and thermoelectric properties of AgSnm[Sb0.8Bi0.2]Te2+m and Br-doped telluride systems. These compounds were prepared by solid-state reaction at high temperature. Powder X-ray diffraction data reveal that these samples exhibit crystal structures related to the NaCl-type lattice. The microstructures and morphologies are investigated by scanning electron microscopy, energy-dispersive X-ray spectroscopy (EDS), and high-resolution transmission electron microscopy (HRTEM). Positive values of the Seebeck coefficient (S) indicate that the transport properties are dominated by holes. The S of undoped AgSnm[Sb0.8Bi0.2]Te2+m ranges from +40 to 57 mu V.K-1. Br-doped samples with m = 2 show S values of +74 mu V.K-1 at RT, and the Seebeck coefficient increases almost linearly with increasing temperature. The total thermal conductivity (kappa(tot)) monotonically increases with increasing temperature (10-300 K). The ktot values of undoped AgSnm[Sb0.8Bi0.2]Te2+m are similar to 1.8 W m(-1) K-1 (m = 4) and similar to 1.0 W m(-1) K-1 (m = 2) at 300 K. The electrical conductivity (sigma) decreases almost linearly with increasing temperature, indicating metal-like behavior. The ZT value increases as a function of temperature. A maximum ZT value of similar to 0.07 is achieved at room temperature for the Br-doped phase with m = 4.</subfield>
   </datafield>
   <datafield ind1="8" ind2=" " tag="024">
      <subfield code="a">Delgado, D.; Moris, S.; Valencia-Gálvez, P.; López, M.L.; Álvarez-Serrano, I.; Blake, G.R.; Galdámez, A. Structural Characterization and Thermoelectric Properties of Br-Doped AgSnm[Sb0.8Bi0.2]Te2+m Systems. Materials 2023, 16, 5213. https://doi.org/10.3390/ma16155213</subfield>
   </datafield>
   <datafield ind1="8" ind2=" " tag="024">
      <subfield code="a">10.3390/ma16155213</subfield>
   </datafield>
   <datafield ind1="8" ind2=" " tag="024">
      <subfield code="a">https://hdl.handle.net/20.500.14352/103523</subfield>
   </datafield>
   <datafield ind1="8" ind2=" " tag="024">
      <subfield code="a">1996-1944</subfield>
   </datafield>
   <datafield ind1="8" ind2=" " tag="024">
      <subfield code="a">https://doi.org/10.3390/ma16155213</subfield>
   </datafield>
   <datafield ind2="0" ind1="0" tag="245">
      <subfield code="a">Structural Characterization and Thermoelectric Properties of Br-Doped AgSnm[Sb0.8Bi0.2]Te2+m Systems</subfield>
   </datafield>
</record></metadata></record></GetRecord></OAI-PMH>